<?xml version="1.0" encoding="UTF-8"?>
<record
    xmlns:xsi="http://www.w3.org/2001/XMLSchema-instance"
    xsi:schemaLocation="http://www.loc.gov/MARC21/slim http://www.loc.gov/standards/marcxml/schema/MARC21slim.xsd"
    xmlns="http://www.loc.gov/MARC21/slim">

  <leader>01865nam a2200313 a 4500</leader>
  <controlfield tag="001">77705</controlfield>
  <controlfield tag="003">BD-RjUL</controlfield>
  <controlfield tag="005">20211209083019.0</controlfield>
  <controlfield tag="008">201229s2016    bg ||||| |||| 00| 0 ben d</controlfield>
  <datafield tag="035" ind1=" " ind2=" ">
    <subfield code="a">(BD-RjUL)77931</subfield>
  </datafield>
  <datafield tag="040" ind1=" " ind2=" ">
    <subfield code="a">BD-RjUL</subfield>
    <subfield code="b">eng</subfield>
    <subfield code="c">BD-RjUL</subfield>
  </datafield>
  <datafield tag="041" ind1=" " ind2=" ">
    <subfield code="a">ben</subfield>
  </datafield>
  <datafield tag="082" ind1=" " ind2=" ">
    <subfield code="2">23</subfield>
    <subfield code="a">297.8</subfield>
    <subfield code="b">ASH 2016</subfield>
  </datafield>
  <datafield tag="245" ind1=" " ind2=" ">
    <subfield code="a">&#x986;&#x9B6;&#x9C1;&#x9B0;&#x9BE; &#x993; &#x995;&#x9BE;&#x9B0;&#x9AC;&#x9BE;&#x9B2;&#x9BE; &#x9AC;&#x9BF;&#x9B7;&#x9AF;&#x9BC;&#x995; &#x9AA;&#x9CD;&#x9B0;&#x9B6;&#x9CD;&#x9A8;&#x9CB;&#x9A4;&#x9CD;&#x9A4;&#x9B0; /</subfield>
    <subfield code="c">&#x9AE;&#x9C2;&#x9B2; &#x9AB;&#x9BE;&#x9B0;&#x9B8;&#x9BF; : &#x9B2;&#x9C7;&#x996;&#x995;&#x9AC;&#x9C3;&#x9A8;&#x9CD;&#x9A6; ;&#x985;&#x9A8;&#x9C1;&#x9AC;&#x9BE;&#x9A6; : &#x986;&#x9AC;&#x9A6;&#x9C1;&#x9B2;&#x9CD;&#x9B2;&#x9BE;&#x9B9;,  &#x9AE;&#x9CB;&#x983; &#x986;&#x9A8;&#x9BF;&#x9B8;&#x9C1;&#x9B0; &#x9B0;&#x9B9;&#x9AE;&#x9BE;&#x9A8;, &#x9AE;&#x9CB;&#x983; &#x9AE;&#x9CB;&#x99C;&#x9BE;&#x9AB;&#x9CD;&#x9AB;&#x9B0; &#x9B9;&#x9CB;&#x9B8;&#x9C7;&#x9A8;, &#x9AE;&#x9CB;&#x983; &#x9B0;&#x9AB;&#x9BF;&#x995;&#x9C1;&#x9B2; &#x987;&#x9B8;&#x9B2;&#x9BE;&#x9AE;, &#x9AE;&#x9CB;&#x983; &#x9AB;&#x9AF;&#x9BC;&#x9B8;&#x9B2; &#x9AC;&#x9BE;&#x9B0;&#x9C0;, &#x986;&#x9AC;&#x9C1;&#x9B2; &#x995;&#x9BE;&#x9B8;&#x9C7;&#x9AE; ; &#x9B8;&#x9AE;&#x9CD;&#x9AA;&#x9BE;&#x9A6;&#x9A8;&#x9BE;&#x983; &#x98F; &#x995;&#x9C7; &#x98F;&#x9AE; &#x986;&#x9A8;&#x9CB;&#x9AF;&#x9BC;&#x9BE;&#x9B0;&#x9C1;&#x9B2; &#x995;&#x9AC;&#x9C0;&#x9B0; </subfield>
  </datafield>
  <datafield tag="260" ind1=" " ind2=" ">
    <subfield code="a">&#x9A2;&#x9BE;&#x995;&#x9BE; :</subfield>
    <subfield code="b">&#x986;&#x9B9;&#x9B2;&#x9C7; &#x9AC;&#x9BE;&#x987;&#x9A4; (&#x986;.) &#x9AC;&#x9BF;&#x9B6;&#x9CD;&#x9AC; &#x9B8;&#x982;&#x9B8;&#x9CD;&#x9A5;&#x9BE; ,&#x987;&#x9B0;&#x9BE;&#x9A8; &#x993; &#x9AC;&#x9BE;&#x982;&#x9B2;&#x9BE;&#x9A6;&#x9C7;&#x9B6; &#x987;&#x9B8;&#x9B2;&#x9BE;&#x9AE;&#x9C0; &#x9B8;&#x9BE;&#x982;&#x9B8;&#x9CD;&#x995;&#x9C3;&#x9A4;&#x9BF;&#x995; &#x9AA;&#x9B0;&#x9BF;&#x9B7;&#x9A6; ,&#x987;&#x9B0;&#x9BE;&#x9A8; </subfield>
    <subfield code="c">&#x9E8;&#x9E6;&#x9E7;&#x9EC;</subfield>
  </datafield>
  <datafield tag="300" ind1=" " ind2=" ">
    <subfield code="a">&#x9E9;&#x9E9;&#x9EA; &#x9AA;&#x9C3;.;</subfield>
    <subfield code="c">&#x9E8;&#x9E8; &#x9B8;&#x9C7;&#x9AE;&#x9BF;.</subfield>
  </datafield>
  <datafield tag="600" ind1=" " ind2=" ">
    <subfield code="a">&#x9B9;&#x9CB;&#x9B8;&#x9BE;&#x987;&#x9A8;, &#x987;&#x9AC;&#x9A8;&#x9C7; &#x986;&#x9B2;&#x9C0;</subfield>
    <subfield code="d">&#x9EC;&#x9EE;&#x9E6;</subfield>
    <subfield code="9">243063</subfield>
  </datafield>
  <datafield tag="600" ind1=" " ind2=" ">
    <subfield code="a">Husayn ibn &#x2BB;Ali'</subfield>
    <subfield code="d">680</subfield>
    <subfield code="9">243064</subfield>
  </datafield>
  <datafield tag="650" ind1=" " ind2=" ">
    <subfield code="a">&#x9A6;&#x9B6; &#x9AE;&#x9C1;&#x9B9;&#x9B0;&#x9B0;&#x9AE; (&#x986;&#x9B6;&#x9C1;&#x9B0;&#x9BE;)</subfield>
    <subfield code="9">243054</subfield>
  </datafield>
  <datafield tag="650" ind1=" " ind2=" ">
    <subfield code="a">Tenth of Mu&#x1E25;arram ( Ashura)</subfield>
    <subfield code="9">243055</subfield>
  </datafield>
  <datafield tag="700" ind1=" " ind2=" ">
    <subfield code="a">&#x986;&#x9AC;&#x9A6;&#x9C1;&#x9B2;&#x9CD;&#x9B2;&#x9BE;&#x9B9;</subfield>
    <subfield code="9">243065</subfield>
  </datafield>
  <datafield tag="700" ind1=" " ind2=" ">
    <subfield code="a">&#x9B0;&#x9B9;&#x9AE;&#x9BE;&#x9A8;, &#x9AE;&#x9CB;&#x983; &#x986;&#x9A8;&#x9BF;&#x9B8;&#x9C1;&#x9B0; </subfield>
    <subfield code="9">243066</subfield>
  </datafield>
  <datafield tag="700" ind1=" " ind2=" ">
    <subfield code="a">&#x9B9;&#x9CB;&#x9B8;&#x9C7;&#x9A8;,&#x9AE;&#x9CB;&#x983; &#x9AE;&#x9CB;&#x99C;&#x9BE;&#x9AB;&#x9CD;&#x9AB;&#x9B0; </subfield>
    <subfield code="9">243058</subfield>
  </datafield>
  <datafield tag="700" ind1=" " ind2=" ">
    <subfield code="a">&#x987;&#x9B8;&#x9B2;&#x9BE;&#x9AE;,&#x9AE;&#x9CB;&#x983; &#x9B0;&#x9AB;&#x9BF;&#x995;&#x9C1;&#x9B2; </subfield>
    <subfield code="9">243059</subfield>
  </datafield>
  <datafield tag="700" ind1=" " ind2=" ">
    <subfield code="a">&#x9AC;&#x9BE;&#x9B0;&#x9C0;, &#x9AE;&#x9CB;&#x983; &#x9AB;&#x9AF;&#x9BC;&#x9B8;&#x9B2; </subfield>
    <subfield code="9">243067</subfield>
  </datafield>
  <datafield tag="700" ind1=" " ind2=" ">
    <subfield code="a">&#x995;&#x9BE;&#x9B8;&#x9C7;&#x9AE;, &#x986;&#x9AC;&#x9C1;&#x9B2; </subfield>
    <subfield code="9">243068</subfield>
  </datafield>
  <datafield tag="700" ind1=" " ind2=" ">
    <subfield code="a">&#x995;&#x9AC;&#x9C0;&#x9B0;, &#x98F; &#x995;&#x9C7; &#x98F;&#x9AE; &#x986;&#x9A8;&#x9CB;&#x9AF;&#x9BC;&#x9BE;&#x9B0;&#x9C1;&#x9B2; </subfield>
    <subfield code="9">243069</subfield>
  </datafield>
  <datafield tag="942" ind1=" " ind2=" ">
    <subfield code="2">ddc</subfield>
    <subfield code="c">BK</subfield>
  </datafield>
  <datafield tag="999" ind1=" " ind2=" ">
    <subfield code="c">77705</subfield>
    <subfield code="d">77705</subfield>
  </datafield>
  <datafield tag="952" ind1=" " ind2=" ">
    <subfield code="0">0</subfield>
    <subfield code="1">0</subfield>
    <subfield code="2">ddc</subfield>
    <subfield code="4">0</subfield>
    <subfield code="7">1</subfield>
    <subfield code="8">NFIC</subfield>
    <subfield code="a">RUCL</subfield>
    <subfield code="b">RUCL</subfield>
    <subfield code="c">Reading</subfield>
    <subfield code="d">2019-09-12</subfield>
    <subfield code="e">Author</subfield>
    <subfield code="g">300.00</subfield>
    <subfield code="l">0</subfield>
    <subfield code="o">B 297.8 ASH 2016</subfield>
    <subfield code="r">2020-12-29 00:00:00</subfield>
    <subfield code="t">C-1</subfield>
    <subfield code="w">2020-12-29</subfield>
    <subfield code="y">BK</subfield>
  </datafield>
</record>
